Martes Santo Sevilla - Estadísticas

Estadísticas generales
  • Esta prueba ha sido intentada 90 veces
  • La puntuación promedio es 13 de 18
Estadísticas de respuestas
Imagen Respuesta % Correcto
Virgen de los Dolores (El Cerro)
98%
Jesús de la Presentación al Pueblo
94%
Virgen de la Candelaria
92%
Cristo de la Buena Muerte
87%
Virgen del Dulce Nombre
81%
Virgen de los Dolores (Santa Cruz)
81%
Cristo de la Sangre
79%
Virgen de la Encarnación
79%
Cristo de la Salud
77%
Virgen de la Angustia
73%
Jesús de la Salud y Buen Viaje
71%
Jesús ante Anás (La Bofetá)
67%
Cristo del Desamparo y Abandono
62%
Cristo de las Almas
60%
Jesús de la Humildad
60%
Virgen de los Desamparados
56%
Virgen de Gracia y Amparo
48%
Cristo de las Misericordias
46%
No se encontraron pruebas coincidentes
Distribución de puntuación
Porcentaje de gente con cada puntuación
Porcentaje por número respondido
Historial de tus puntuaciones
No has intentado esta prueba.